Actas del 5§ congreso sobre el libro de texto y materiales didácticos
Gespeichert in:
| 1. Verfasser: | |
|---|---|
| Format: | Buch |
| Sprache: | Spanisch |
| Veröffentlicht: |
Madrid
Universidad Complutense de Madrid
1997
|
| Schlagworte: | |
| Tags: |
Tag hinzufügen
Keine Tags, Fügen Sie den ersten Tag hinzu!
|
MARC
| LEADER | 00000nam a2200000 a 4500 | ||
|---|---|---|---|
| 001 | UCN2506 | ||
| 003 | CL-VaPUC | ||
| 005 | 20230718074443.0 | ||
| 008 | 010530e19970000sp 1 spa d | ||
| 082 | 0 | 4 | |a 371.32 |b ARR |2 21 |
| 100 | 1 | |a Arranz Márquez, Luis |e author |9 619907 | |
| 245 | 1 | 0 | |a Actas del 5§ congreso sobre el libro de texto y materiales didácticos |
| 260 | |a Madrid |b Universidad Complutense de Madrid |c 1997 | ||
| 300 | |a v | ||
| 583 | |a last modification |c 20010530 00:00:00 |k Rodrigo Vera | ||
| 650 | 0 | 7 | |a LIBROS DE TEXTOS |2 CL-VaPUC |9 619908 |
| 650 | 0 | 7 | |a MATERIAL Y EQUIPO DIDACTICOS |2 CL-VaPUC |9 309109 |
| 650 | 0 | 7 | |a AYUDAS PARA LA ENSEÑANZA |2 CL-VaPUC |9 339750 |
| 650 | 0 | 0 | |a Tecnología educacional |9 307265 |
| 650 | 0 | 7 | |a DESARROLLO DE LOS CURRICULOS |2 CL-VaPUC |9 338829 |
| 650 | 0 | 7 | |a MATERIAS DEL CURRICULO |2 CL-VaPUC |9 362159 |
| 650 | 0 | 0 | |a Matemática |9 260235 |
| 650 | 0 | 0 | |a Ciencias naturales |9 260542 |
| 650 | 0 | 0 | |a Música |9 306269 |
| 650 | 0 | 0 | |a Educación física |9 240893 |
| 650 | 0 | 7 | |a EDUCACION INFANTIL |2 CL-VaPUC |9 619909 |
| 650 | 0 | 0 | |a Ciencias sociales |9 256351 |
| 650 | 0 | 0 | |a Lingüística |9 265068 |
| 651 | 0 | |a España |9 254926 | |
| 651 | 7 | |a PORTUGAL |2 CL-VaPUC |9 255007 | |
| 942 | |c BK | ||
| 945 | |a vberengu |d 20010530 00:00:00 | ||
| 546 | |a En Español | ||
| 536 | |a Universidad Complutense de Madrid | ||
| 518 | |p Libro de Texto y Materiales Didácticos, educación infantil, primaria y secundaria, 5. Madrid, 8-11 de mayo de 1996 | ||
| 999 | |c 383657 |d 383655 | ||
| 952 | |0 0 |1 0 |4 0 |6 371_320000000000000_ARR_1997 |7 0 |8 A |9 505859 |a BIBHIS |b BIBHIS |d 2020-01-23 |h v.1 |i 3681467 |o 371.32 ARR 1997 |p 3681467 |r 2025-01-20 |w 2020-01-23 |y BK |k HIS | ||
| 952 | |0 0 |1 0 |4 0 |6 371_320000000000000_ARR_1997 |7 0 |8 A |9 505860 |a BIBHIS |b BIBHIS |d 2020-01-23 |h v.2 |i 3681475 |o 371.32 ARR 1997 |p 3681475 |r 2025-01-20 |w 2020-01-23 |y BK |k HIS | ||